000 00412pab a2200181 454500
008 180718b2010 xxu||||| |||| 00| 0 eng d
100 _aAnsari, Khalid Anis
245 _aDebating `Muslim' reservations
260 _c2010
300 _ap.19-24.
362 _a10 Apr
650 _aReservations
650 _aMoslems
650 _aBackward classes
773 _aMainstream
908 _aN
909 _a85900
999 _c85900
_d85900